=LDR 00000nam 2200000 4500 =001 INLIS000000000022362 =005 20130612121127 =008 ***********************************Ind** =035 ##$$0010-061300000022362 =041 ##$$a Ind =082 ##$$a 613.043 =090 ##$$a 613.043, Sid m =100 ##$$a Sudiarto, Lily Djokosetio =245 ##$$a Memori anda setelah usia 50 , Lily Djokosetio Sidiarto; Sidiarto Kusumoputro =260 ##$$a 2003 $b Jakarta =300 ##$$a xii, 111 hlm, 23 cm =650 ##$$a Usia Lanjut =850 ##$$a NBPNMAT